Daň z pridanej hodnoty

Úplné znenie zákona č. 222/2004 Z.z. o dani z pridanej hodnoty v znení ďalších zákonov ... a zákonov č. 297/2016 Z.z. a č. 298/2016 Z.z.

Saved in:
Bibliographic Details
Format: Book Chapter
Language:Slovak
Subjects:
Tags: Add Tag
No Tags, Be the first to tag this record!

MARC

LEADER 00000naa a2200000 4500
001 0233323
005 20211012113940.8
041 0 |a slo 
044 |a SK 
245 1 0 |a Daň z pridanej hodnoty 
520 |a Úplné znenie zákona č. 222/2004 Z.z. o dani z pridanej hodnoty v znení ďalších zákonov ... a zákonov č. 297/2016 Z.z. a č. 298/2016 Z.z. 
610 2 0 |a novelizácia 
610 2 0 |a dane z hodnoty pridanej 
610 2 0 |a zákony 
610 2 0 |a komentáre 
610 2 0 |a Slovensko 
610 2 0 |a 2002-2016